00000000nam##2200000za#4500
0019.699154
003CaOODSP
00520241203113638
007cr |||||||||||
008150407|1981||||xxc|||||o    f|0| 0 eng|d
040 |aCaOODSP|beng
043 |an-cn---
0861 |aEn14-190/1981E-PDF
1101 |aCanada. |bEnvironment Canada.
24510|aPCB destruction technologies |h[electronic resource]
2461 |iAt head of title : |aFact sheet
260 |aOttawa - Ontario : |bEnvironment Canada |c[1981].
300 |a2p.|bfig.
590 |a14-21-Supp|b2014-12-11
69007|aToxic substances|2gcpds
69007|aWaste management|2gcpds
77508|tTechniques de destruction des BPC |w(CaOODSP)9.643303
85640|ahttp://publications.gc.ca|qPDF|s197 KB|uhttps://publications.gc.ca/collections/collection_2014/ec/En14-190-1981-eng.pdf